|
|
|
|
| LEADER |
00000nab a2200000 a 4500 |
| 001 |
vtls000178803 |
| 003 |
SK-MaSNL |
| 005 |
20260302202227.0 |
| 008 |
111104c1984 xo 0 slo |
| 015 |
|
|
|a SNBRB19rr/mm-uuuuu
|
| 035 |
|
|
|a CL0188916
|
| 040 |
|
|
|a SNKBUCL
|b slo
|c SNKBUCL
|e AACR2
|
| 041 |
0 |
|
|a slo
|
| 044 |
|
|
|a xo
|c SK
|
| 080 |
|
|
|a 352
|2 1981
|
| 080 |
|
|
|a 353
|2 1981
|
| 080 |
|
|
|a 36.05
|2 1981
|
| 080 |
|
|
|a 340.133
|2 1981
|
| 100 |
1 |
|
|a Chrastilová, Brigita
|4 aut
|9 664411
|
| 245 |
1 |
0 |
|a Nová úprava sociálneho zabezpečenia občanov poskytujúcich služby na základe povolenia národného výboru
|c Brigita Chrastilová
|
| 650 |
0 |
7 |
|a národné výbory
|2 snkbucl
|9 59059
|
| 655 |
|
7 |
|a články z novín a časopisov
|2 snkbucl
|9 267496
|
| 773 |
0 |
|
|t Národné výbory
|g Č. 6 (1984), s. 1-8
|
| 850 |
|
|
|a Slovenská národná knižnica v Martine
|a MTA001
|
| 852 |
|
|
|a SNK
|b KIS3GCP
|
| 958 |
|
|
|a RK
|
| 992 |
|
|
|a RBX
|
| 999 |
|
|
|c 1464039
|d 1465969
|